Príncipes y Señores de Mónaco - Estadísticas

Estadísticas generales
  • Esta prueba ha sido intentada 16 veces
  • La puntuación promedio es 14 de 35
Estadísticas de respuestas
Período Nombre % Correcto
1889-1922 Alberto I
100%
2005-Act. Alberto II
100%
1297-1301 Rainiero I
85%
1352-1357 Rainiero II
85%
1949-2005 Rainiero III
85%
1395 Luis
77%
1397-1402 Luis
77%
1662-1701 Luis I
77%
1922-1949 Luis II
77%
1395 Juan I
69%
1419-1436 Juan I
69%
1436-1454 Juan I
69%
1494-1505 Juan II
69%
1331-1357 Carlos I
62%
1581-1589 Carlos II
62%
1856-1889 Carlos III
62%
1297 Francisco
54%
1352-1357 Antonio (I)
15%
1701-1731 Antonio I
15%
1419-1427 Antonio (II)
15%
1523-1581 Honorato I
15%
1604-1662 Honorato II
15%
1733-1793 Honorato III
15%
1814-1819 Honorato IV
15%
1819-1841 Honorato V
15%
1505-1523 Luciano
15%
1419-1427 Ambrosio
0%
1454-1457 Catalán
0%
1457-1458 Claudia
0%
1841-1856 Florestán
0%
1352-1357 Gabriel
0%
1589-1604 Hércules
0%
1731-1733 Jaime
0%
1458-1494 Lamberto
0%
1731 Luisa Hipólita
0%
No se encontraron pruebas coincidentes
Distribución de puntuación
Porcentaje de gente con cada puntuación
Porcentaje por número respondido
Historial de tus puntuaciones
No has intentado esta prueba.